[Event "Montcalm 3 2018-19"]
[Site "Quebec CAN"]
[Date "2018.11.22"]
[Round "2"]
[White "Dube, Daniel"]
[Black "Desbiens, Raphael"]
[Result "0-1"]
[WhiteElo "1894"]
[BlackElo "2149"]
[PlyCount "72"]
[EventDate "2018.11.15"]
[EventType "swiss"]
[EventRounds "5"]
[EventCountry "CAN"]

1. d4 Nf6 2. c4 g6 3. Nc3 d5 4. cxd5 Nxd5 5. e4 Nxc3 6. bxc3 Bg7 7. Bc4 c5 8.
Ne2 O-O 9. O-O Qc7 10. d5 Nd7 11. Bf4 Ne5 12. Rc1 Bd7 13. Rb1 Rab8 14. Bb5 Bxb5
15. Rxb5 a6 16. Rb1 Qa5 17. Bxe5 Bxe5 18. Qc2 Bg7 19. f4 c4 20. Rfd1 Rfd8 21.
Rb4 Qc5+ 22. Kh1 a5 23. Rbb1 b5 24. a3 Rb6 25. Rdc1 Rc8 26. Rd1 Qxa3 27. Ra1
Qb3 28. Qd2 b4 29. Rdb1 bxc3 30. Qc1 c2 31. Rxb3 cxb3 32. Rb1 b2 33. Qg1 Bd4
34. Qf1 Be3 35. g3 c1=Q 36. Nxc1 Rxc1 0-1

[Event "Montcalm 3 2018-19"]
[Site "Quebec CAN"]
[Date "2018.11.22"]
[Round "2"]
[White "Gaulin, Gaetan"]
[Black "Gagnon, Stephane"]
[Result "1-0"]
[WhiteElo "1952"]
[BlackElo "1587"]
[PlyCount "81"]
[EventDate "2018.11.15"]
[EventType "swiss"]
[EventRounds "5"]
[EventCountry "CAN"]

1. c4 c5 2. Nf3 Nf6 3. g3 g6 4. Bg2 d5 5. cxd5 Nxd5 6. O-O Nc7 7. Qc2 Bg7 8.
Qxc5 O-O 9. Nc3 b6 10. Qa3 Bb7 11. d3 Ne6 12. Be3 Nd7 13. Rfd1 a6 14. Rac1 Nc7
15. Qb3 Rb8 16. d4 a5 17. Bf4 Rc8 18. e4 Ne6 19. Be3 Rxc3 20. bxc3 Bxe4 21. Ng5
Nxg5 22. Bxg5 Qa8 23. Bxe4 Qxe4 24. Re1 Qg4 25. Bxe7 Re8 26. Kg2 h5 27. Qd5 Nf6
28. Bxf6 Rxe1 29. Rxe1 Bxf6 30. Qf3 Kg7 31. Qxg4 hxg4 32. f3 gxf3+ 33. Kxf3 b5
34. Rb1 b4 35. Ke4 bxc3 36. Rc1 Bg5 37. Rxc3 Bd2 38. Rd3 Be1 39. Ke5 Kf8 40.
Kd6 Ke8 41. Re3+ 1-0

[Event "Montcalm 3 2018-19"]
[Site "Quebec CAN"]
[Date "2018.11.22"]
[Round "2"]
[White "Plante, Rejean"]
[Black "Leblanc-Legault, Mathieu"]
[Result "1-0"]
[WhiteElo "2047"]
[BlackElo "1836"]
[PlyCount "89"]
[EventDate "2018.11.15"]
[EventType "swiss"]
[EventRounds "5"]
[EventCountry "CAN"]

1. c4 e6 2. g3 d5 3. Bg2 d4 4. d3 c5 5. Nf3 Nc6 6. O-O Nf6 7. e3 Bd6 8. exd4
cxd4 9. Re1 O-O 10. Nbd2 e5 11. a3 a5 12. Qc2 h6 13. c5 Bc7 14. Nc4 Re8 15. Rb1
Nd5 16. Bd2 a4 17. b4 axb3 18. Rxb3 f6 19. Qb1 Na5 20. Nxa5 Bxa5 21. Bxa5 Rxa5
22. Nxd4 Nc3 23. Rxc3 Qxd4 24. Qb4 Qxb4 25. axb4 Rb5 26. Rb1 Rd8 27. Ra3 Be6
28. Ra7 Rc8 29. Rxb7 Rb8 30. Rxb8+ Rxb8 31. b5 Bf5 32. Be4 Bd7 33. c6 f5 34.
Bd5+ Kf8 35. cxd7 Ke7 36. Bc6 Kd6 37. Ra1 g5 38. f3 h5 39. h4 gxh4 40. gxh4 f4
41. Kf2 Kc7 42. d4 exd4 43. Rd1 Rf8 44. Rxd4 Rd8 45. Re4 1-0

[Event "Montcalm 3 2018-19"]
[Site "Quebec CAN"]
[Date "2018.11.22"]
[Round "2"]
[White "Sarra-Bournet, Marc"]
[Black "Drolet, Stephane"]
[Result "1-0"]
[WhiteElo "1838"]
[BlackElo "2037"]
[PlyCount "115"]
[EventDate "2018.11.15"]
[EventType "swiss"]
[EventRounds "5"]
[EventCountry "CAN"]

1. e4 e6 2. d4 c5 3. c3 d5 4. Nd2 cxd4 5. cxd4 Nc6 6. Ngf3 Nf6 7. e5 Ne4 8. Bd3
Bb4 9. O-O Nxd2 10. Bxd2 Be7 11. Rc1 Qb6 12. Bc3 Bd7 13. Qd2 a5 14. Rfd1 Nb4
15. Bb1 Bb5 16. a3 Nc6 17. Qf4 Be2 18. Rd2 Bxf3 19. gxf3 Qd8 20. Qg4 h5 21.
Qxg7 Kd7 22. Qxf7 Qg8+ 23. Qxg8 Raxg8+ 24. Kh1 Bg5 25. Bd3 Bxd2 26. Bxd2 Nxd4
27. Bxa5 Rc8 28. Rxc8 Rxc8 29. f4 Rc1+ 30. Kg2 Rd1 31. Bg6 h4 32. Kh3 Rg1 33.
Bh5 Nb3 34. Bb4 d4 35. Be2 Kc6 36. Bc4 Nc5 37. Kxh4 b5 38. Bxc5 Kxc5 39. Bxe6
d3 40. f5 d2 41. Bb3 d1=Q 42. Bxd1 Rxd1 43. f4 Rd8 44. Kg5 Kd5 45. Kg6 Rg8+ 46.
Kf7 Rh8 47. e6 Kd6 48. f6 Rh7+ 49. Kg6 Rxh2 50. e7 Kd7 51. Kf7 Re2 52. Kf8 Re6
53. Kf7 Re2 54. f5 Re1 55. b3 Re4 56. a4 bxa4 57. bxa4 Re2 58. a5 1-0

[Event "Montcalm 3 2018-19"]
[Site "Quebec CAN"]
[Date "2018.11.22"]
[Round "2"]
[White "Sauve, Richard"]
[Black "Fecteau, Martin"]
[Result "1/2-1/2"]
[WhiteElo "1804"]
[BlackElo "1913"]
[PlyCount "120"]
[EventDate "2018.11.15"]
[EventType "swiss"]
[EventRounds "5"]
[EventCountry "CAN"]

1. d4 d5 2. c4 c6 3. e3 Nf6 4. Nc3 e6 5. Nf3 Nbd7 6. Qc2 Bd6 7. e4 dxe4 8. Nxe4
Nxe4 9. Qxe4 Nf6 10. Qc2 Bb4+ 11. Bd2 Bxd2+ 12. Qxd2 Ne4 13. Qb4 Qe7 14. Qxe7+
Kxe7 15. Bd3 Nf6 16. O-O-O Rd8 17. Rhe1 Kf8 18. Kc2 Bd7 19. b3 Be8 20. h3 b5
21. Kc3 a5 22. Bc2 Rd6 23. Re5 g6 24. g4 Nd7 25. Ree1 Nb6 26. Ng5 Kg7 27. Ne4
Rdd8 28. Nc5 Rdb8 29. Be4 Ra7 30. g5 Rc8 31. h4 a4 32. Ra1 Nd7 33. Nxd7 Bxd7
34. c5 f5 35. gxf6+ Kxf6 36. b4 Rf8 37. Re3 Kg7 38. Rf3 Raa8 39. Rxf8 Rxf8 40.
f3 Rf4 41. Rh1 Kh6 42. h5 g5 43. Kd3 Rh4 44. Rxh4 gxh4 45. Ke3 Kxh5 46. Kf4 h6
47. a3 Be8 48. Ke5 Kg5 49. f4+ Kg4 50. Kxe6 Kxf4 51. Bh1 h3 52. Ke7 Bh5 53.
Bxc6 Bf3 54. Bxf3 Kxf3 55. c6 h2 56. c7 h1=Q 57. c8=Q Qh4+ 58. Kf7 Qf4+ 59. Kg6
Qg5+ 60. Kf7 Qf4+ 1/2-1/2

[Event "Montcalm 3 2018-19"]
[Site "Quebec CAN"]
[Date "2018.11.29"]
[Round "3"]
[White "Desbiens, Raphael"]
[Black "Cournoyer, Dominic"]
[Result "1-0"]
[WhiteElo "2149"]
[BlackElo "1922"]
[PlyCount "53"]
[EventDate "2018.11.15"]
[EventType "swiss"]
[EventRounds "5"]
[EventCountry "CAN"]

1. e4 g6 2. d4 Bg7 3. Nf3 d6 4. h3 Nf6 5. Nc3 O-O 6. Be3 b6 7. Qd2 Bb7 8. Bd3
Nc6 9. Ne2 a5 10. c3 Na7 11. Ng3 c5 12. d5 b5 13. a4 c4 14. Be2 Qd7 15. h4 e6
16. dxe6 fxe6 17. Ng5 h6 18. Nf3 Nxe4 19. Nxe4 Bxe4 20. Bxh6 Bd5 21. h5 Qf7 22.
Rh3 b4 23. hxg6 Qf6 24. Bxg7 Qxg7 25. Rh7 Qxg6 26. Rh3 Kf7 27. Ne5+ 1-0

[Event "Montcalm 3 2018-19"]
[Site "Quebec CAN"]
[Date "2018.11.29"]
[Round "3"]
[White "Drolet, Stephane"]
[Black "Dumont, Eric"]
[Result "1-0"]
[WhiteElo "2037"]
[BlackElo "1703"]
[PlyCount "117"]
[EventDate "2018.11.15"]
[EventType "swiss"]
[EventRounds "5"]
[EventCountry "CAN"]

1. d4 Nf6 2. Nf3 g6 3. c4 Bg7 4. Nc3 d6 5. Bg5 O-O 6. e3 Nbd7 7. Be2 Re8 8. O-O
c6 9. b4 h6 10. Bh4 e5 11. Rb1 exd4 12. Nxd4 Ne5 13. h3 g5 14. Bg3 Ng6 15. Qc2
d5 16. Rfd1 Bd7 17. Nf5 Bf8 18. cxd5 cxd5 19. Nxd5 Nxd5 20. Rxd5 Rc8 21. Qd3
Bxf5 22. Qxf5 Ne7 23. Rxd8 Nxf5 24. Rxe8 Rxe8 25. Bh2 Rd8 26. Rd1 Rxd1+ 27.
Bxd1 Bxb4 28. Bb8 Bc5 29. Bf3 b5 30. Kf1 Kf8 31. Ke2 Ke7 32. Bd5 Nd6 33. Kd3 f5
34. g4 f4 35. exf4 Bxf2 36. f5 Bc5 37. Bc7 Ne8 38. Be5 a5 39. Bc6 Nf6 40. Bxb5
h5 41. Kc4 Bb4 42. gxh5 Nxh5 43. Kd4 Nf6 44. Bc6 Ba3 45. Kc4 Bb4 46. Bb2 Be1
47. Ba3+ Kf7 48. Bf3 Bd2 49. Bc5 Be1 50. Be3 Nh7 51. Bd4 Bb4 52. Bd5+ Ke7 53.
Bf3 Be1 54. Bg4 Nf6 55. Bf3 Nh7 56. Kb5 Nf6 57. Bc5+ Kf7 58. Bb6 Nd7 59. Bxa5
1-0

[Event "Montcalm 3 2018-19"]
[Site "Quebec CAN"]
[Date "2018.11.29"]
[Round "3"]
[White "Fecteau, Martin"]
[Black "Gaulin, Gaetan"]
[Result "0-1"]
[WhiteElo "1913"]
[BlackElo "1952"]
[PlyCount "94"]
[EventDate "2018.11.15"]
[EventType "swiss"]
[EventRounds "5"]
[EventCountry "CAN"]

1. d4 Nf6 2. c4 e6 3. g3 d5 4. Bg2 Be7 5. Nf3 O-O 6. O-O dxc4 7. Ne5 c5 8. dxc5
Bxc5 9. Qxd8 Rxd8 10. Nxc4 Nc6 11. Nc3 Bd7 12. Bf4 Be8 13. Nb5 Nd5 14. Nc7 Nxc7
15. Bxc7 Rd4 16. b3 Rc8 17. Bf4 Rd7 18. Rfd1 Rcd8 19. Rxd7 Rxd7 20. Kf1 Kf8 21.
Ne5 Nxe5 22. Bxe5 f6 23. Bc3 Rc7 24. Bb2 Bc6 25. Bxc6 Rxc6 26. Rc1 Ke7 27. e3
e5 28. Ke2 Ke6 29. g4 e4 30. g5 a6 31. gxf6 gxf6 32. Rc4 f5 33. f3 Kd5 34.
fxe4+ fxe4 35. Rc1 Rh6 36. Rd1+ Ke6 37. Rh1 Rh3 38. Bd4 Bd6 39. Rf1 Rxh2+ 40.
Kd1 Be7 41. a4 h5 42. Rg1 h4 43. Rg4 Kd5 44. Rg7 Bd6 45. Rxb7 h3 46. Rh7 Rh1+
47. Ke2 h2 0-1

[Event "Montcalm 3 2018-19"]
[Site "Quebec CAN"]
[Date "2018.11.29"]
[Round "3"]
[White "Genest, Dominic"]
[Black "Dube, Daniel"]
[Result "1-0"]
[WhiteElo "1740"]
[BlackElo "1894"]
[PlyCount "59"]
[EventDate "2018.11.15"]
[EventType "swiss"]
[EventRounds "5"]
[EventCountry "CAN"]

1. c4 e5 2. g3 Nf6 3. Bg2 d5 4. cxd5 Nxd5 5. Nc3 Nb6 6. d3 Nc6 7. Nf3 Be7 8. a3
Be6 9. b4 O-O 10. O-O a6 11. Bb2 f5 12. Rc1 Qd7 13. Na4 Nxa4 14. Qxa4 Bf6 15.
Rc5 e4 16. Bxf6 exf3 17. Bxf3 Rxf6 18. Bxc6 bxc6 19. Qxc6 Rf7 20. Qxa8+ Rf8 21.
Qc6 Qf7 22. Qxc7 Qg6 23. Rc6 f4 24. Qe5 Rf6 25. Rxa6 h6 26. Rc1 f3 27. exf3 h5
28. Rcc6 Qxd3 29. Ra8+ Kh7 30. Qe4+ 1-0

[Event "Montcalm 3 2018-19"]
[Site "Quebec CAN"]
[Date "2018.11.29"]
[Round "3"]
[White "Lapierre, Gaetan"]
[Black "Hines, Jason"]
[Result "0-1"]
[WhiteElo "1802"]
[BlackElo "1521"]
[PlyCount "54"]
[EventDate "2018.11.15"]
[EventType "swiss"]
[EventRounds "5"]
[EventCountry "CAN"]

1. e4 d6 2. d4 Nf6 3. Nc3 Nbd7 4. Bc4 e5 5. Nf3 Be7 6. Ng5 O-O 7. Bxf7+ Rxf7 8.
Ne6 Qe8 9. Nxc7 Qd8 10. Nxa8 b5 11. dxe5 Nxe5 12. O-O Bb7 13. Nd5 Nxd5 14. exd5
Qxa8 15. f4 Ng6 16. g3 Bxd5 17. Be3 Bf6 18. Bd4 Bg2 19. Rf2 Bh3 20. c3 Bc8 21.
Bxf6 Rxf6 22. a4 bxa4 23. Rxa4 Qc6 24. h4 Nxh4 25. gxh4 Rg6+ 26. Kh2 Rg4 27.
Rxa7 Rxh4+ 0-1

[Event "Montcalm 3 2018-19"]
[Site "Quebec CAN"]
[Date "2018.11.29"]
[Round "3"]
[White "Leblanc-Legault, Mathieu"]
[Black "Gagnon, Stephane"]
[Result "1-0"]
[WhiteElo "1836"]
[BlackElo "1587"]
[PlyCount "129"]
[EventDate "2018.11.15"]
[EventType "swiss"]
[EventRounds "5"]
[EventCountry "CAN"]

1. d4 Nf6 2. Nf3 e6 3. a3 d5 4. Bf4 c6 5. h3 Be7 6. e3 Qa5+ 7. c3 O-O 8. Bd3
Ne4 9. Qc2 f5 10. O-O Qd8 11. c4 g5 12. Bh2 Qe8 13. Ne5 Qh5 14. Qe2 Qh6 15. Nc3
Bd7 16. cxd5 exd5 17. Qc2 Be8 18. Ne2 Nd7 19. f3 Ndf6 20. Ng3 Nxg3 21. Bxg3 f4
22. Bf2 g4 23. Nxg4 Nxg4 24. fxg4 f3 25. e4 fxg2 26. Kxg2 dxe4 27. Bc4+ Bf7 28.
Bxf7+ Rxf7 29. Qxe4 Raf8 30. Be3 Qh4 31. Bf4 Bg5 32. Qe6 Bf6 33. Bg3 Qg5 34.
Rad1 Qd5+ 35. Qxd5 cxd5 36. Rf5 Re8 37. Be5 Bxe5 38. Rxe5 Ref8 39. Rd2 Rd8 40.
Rde2 Kf8 41. b4 Rc7 42. Rf2+ Kg7 43. Rff5 Rc2+ 44. Kg3 Rc3+ 45. Kh4 Rxa3 46.
Re7+ Kg6 47. Rxb7 Rb3 48. Re5 Rd6 49. Ree7 Rb6 50. Rxb6+ axb6 51. Re6+ Kf7 52.
Rxb6 Ke7 53. Rb7+ Kf6 54. g5+ Kg6 55. Rb6+ Kf5 56. Rb5 Ke4 57. Rb7 Kxd4 58.
Rxh7 Rxb4 59. Re7 Kd3+ 60. Kg3 Re4 61. Rf7 Re6 62. Rf6 Re3+ 63. Rf3 Ke4 64.
Rxe3+ Kxe3 65. g6 1-0

[Event "Montcalm 3 2018-19"]
[Site "Quebec CAN"]
[Date "2018.11.29"]
[Round "3"]
[White "Sarra-Bournet, Marc"]
[Black "Plante, Rejean"]
[Result "1-0"]
[WhiteElo "1838"]
[BlackElo "2047"]
[PlyCount "65"]
[EventDate "2018.11.15"]
[EventType "swiss"]
[EventRounds "5"]
[EventCountry "CAN"]

1. e4 d5 2. exd5 Qxd5 3. d4 Nf6 4. Nc3 Qd6 5. Nf3 a6 6. Be2 b5 7. O-O Bb7 8.
Ne5 e6 9. Bf4 Qb6 10. Bf3 Bd6 11. Re1 O-O 12. d5 exd5 13. Nxd5 Nxd5 14. Bxd5
Bc5 15. Bg3 Bxd5 16. Qxd5 c6 17. Qf3 Ra7 18. Nd3 Nd7 19. Rad1 Rc8 20. Nxc5 Nxc5
21. Qf5 Raa8 22. Re7 Rf8 23. Bc7 Qa7 24. Bd6 Nb7 25. Qg5 Rad8 26. Rd3 h6 27.
Qe5 Qb6 28. Rg3 g5 29. Rxg5+ hxg5 30. Qxg5+ Kh7 31. Qh5+ Kg8 32. Qg5+ Kh7 33.
Re4 1-0

[Event "Montcalm 3 2018-19"]
[Site "Quebec CAN"]
[Date "2018.12.06"]
[Round "4"]
[White "Auger, Bertrand"]
[Black "Cummins, Paul"]
[Result "1-0"]
[WhiteElo "1902"]
[BlackElo "1745"]
[PlyCount "99"]
[EventDate "2018.11.15"]
[EventType "swiss"]
[EventRounds "5"]
[EventCountry "CAN"]

1. Nf3 Nf6 2. g3 d5 3. Bg2 e6 4. O-O Bd6 5. c4 dxc4 6. Na3 c6 7. Nxc4 Bc7 8. b3
O-O 9. Ba3 Re8 10. Rc1 e5 11. d4 e4 12. Nfe5 Bf5 13. Ne3 Be6 14. N5c4 Na6 15.
Qc2 Qd7 16. Rfd1 Bh3 17. Bh1 Qe6 18. Qb2 h5 19. b4 h4 20. b5 hxg3 21. hxg3 cxb5
22. Qxb5 Ng4 23. d5 Qg6 24. d6 Nxe3 25. Nxe3 Bb6 26. Rc3 Red8 27. Bg2 Be6 28.
Qe5 f5 29. Nd5 Qf7 30. g4 fxg4 31. Nxb6 axb6 32. Bxe4 Nc5 33. Bxc5 bxc5 34.
Rxc5 Rd7 35. Bd5 Bxd5 36. Qxd5 Qxd5 37. Rcxd5 Rxa2 38. e4 Ra6 39. e5 Kf7 40.
R1d4 Ke6 41. Rb5 Ra1+ 42. Kg2 Re1 43. Rdd5 g6 44. Kg3 Rf1 45. Rdc5 g5 46. Rc7
Rg1+ 47. Kh2 Rd1 48. Rbxb7 Rxc7 49. dxc7 Kd7 50. e6+ 1-0

[Event "Montcalm 3 2018-19"]
[Site "Quebec CAN"]
[Date "2018.12.06"]
[Round "4"]
[White "Cournoyer, Dominic"]
[Black "Fecteau, Martin"]
[Result "1-0"]
[WhiteElo "1922"]
[BlackElo "1913"]
[PlyCount "61"]
[EventDate "2018.11.15"]
[EventType "swiss"]
[EventRounds "5"]
[EventCountry "CAN"]

1. c4 e5 2. Nc3 Nf6 3. Nf3 Nc6 4. d4 exd4 5. Nxd4 Bc5 6. Nb3 Be7 7. g3 Ne5 8.
c5 d5 9. cxd6 Bxd6 10. Bg2 O-O 11. O-O c6 12. Bg5 Be7 13. Qc2 Ng6 14. Rad1 Nd7
15. Be3 Bg5 16. f4 Qe8 17. Bf2 Bd8 18. Ne4 Bb6 19. Nd4 Qe7 20. Nf5 Bxf2+ 21.
Rxf2 Qb4 22. a3 Qb6 23. Qc3 Nf6 24. Nh6+ Kh8 25. Nxf6 Ne7 26. Nd7 Bxd7 27. Rxd7
Nd5 28. Bxd5 cxd5 29. Nxf7+ Kg8 30. Nd6 d4 31. Qc4+ 1-0

[Event "Montcalm 3 2018-19"]
[Site "Quebec CAN"]
[Date "2018.12.06"]
[Round "4"]
[White "Desbiens, Raphael"]
[Black "Sarra-Bournet, Marc"]
[Result "1-0"]
[WhiteElo "2149"]
[BlackElo "1838"]
[PlyCount "67"]
[EventDate "2018.11.15"]
[EventType "swiss"]
[EventRounds "5"]
[EventCountry "CAN"]

1. e4 e5 2. Nf3 Nc6 3. Bb5 a6 4. Ba4 Nf6 5. O-O Be7 6. Re1 b5 7. Bb3 d6 8. c3
O-O 9. h3 Na5 10. Bc2 c5 11. d4 Qc7 12. Nbd2 Bd7 13. Nf1 Rac8 14. Re2 b4 15.
cxb4 cxb4 16. Bd3 Bb5 17. Rc2 Qb8 18. b3 Rc3 19. Rxc3 bxc3 20. Ba3 Nc6 21. d5
Nb4 22. Bxb4 Bxd3 23. Bxd6 Bxd6 24. Qxd3 Qb7 25. Ng3 Rc8 26. Rc1 Qc7 27. Qxa6
c2 28. Ne1 Qc3 29. Qe2 Qd4 30. Rxc2 Rc3 31. Nf5 Qxe4 32. Qxe4 Nxe4 33. Rxc3
Nxc3 34. Nxd6 1-0

[Event "Montcalm 3 2018-19"]
[Site "Quebec CAN"]
[Date "2018.12.06"]
[Round "4"]
[White "Hines, Jason"]
[Black "Genest, Dominic"]
[Result "1-0"]
[WhiteElo "1521"]
[BlackElo "1740"]
[PlyCount "95"]
[EventDate "2018.11.15"]
[EventType "swiss"]
[EventRounds "5"]
[EventCountry "CAN"]

1. e4 c5 2. c3 d5 3. exd5 Qxd5 4. d4 Nf6 5. Nf3 Bg4 6. Be2 Nc6 7. Be3 e6 8. O-O
cxd4 9. cxd4 Ne4 10. Nc3 Nxc3 11. bxc3 b5 12. a3 Na5 13. Rb1 Nc4 14. a4 Rb8 15.
axb5 Bd6 16. h3 Bf5 17. Bg5 Bxb1 18. Qxb1 O-O 19. Qa2 Rfc8 20. Qxa7 Rxb5 21.
Qa2 Rb2 22. Qa6 Nb6 23. Bc1 Ra8 24. Qd3 Rxe2 25. Qxe2 Ra2 26. Qd3 Nc4 27. Ng5
f5 28. Re1 e5 29. Qxf5 g6 30. Qc8+ Bf8 31. Qc7 Bg7 32. Qc8+ Bf8 33. Qg4 Ra7 34.
Nf3 Re7 35. Bg5 Re6 36. Bh4 h6 37. Nxe5 Nxe5 38. Rxe5 Rxe5 39. Qxg6+ Bg7 40.
dxe5 Qxe5 41. c4 Qe1+ 42. Kh2 Qe5+ 43. Bg3 Qd4 44. Qe6+ Kh7 45. Qf7 Qc5 46. f4
Qd4 47. f5 Qb6 48. Be5 1-0

[Event "Montcalm 3 2018-19"]
[Site "Quebec CAN"]
[Date "2018.12.06"]
[Round "4"]
[White "Labrecque, Rejean"]
[Black "Dube, Daniel"]
[Result "1-0"]
[WhiteElo "1701"]
[BlackElo "1894"]
[PlyCount "105"]
[EventDate "2018.11.15"]
[EventType "swiss"]
[EventRounds "5"]
[EventCountry "CAN"]

1. d4 Nf6 2. Nf3 e6 3. Nc3 d5 4. g3 Be7 5. Bg2 O-O 6. O-O Nbd7 7. Re1 c5 8. e4
Nxe4 9. Nxe4 dxe4 10. Rxe4 Nf6 11. Re1 Qb6 12. c3 Rd8 13. Qb3 Bd7 14. Qxb6 axb6
15. dxc5 bxc5 16. Ne5 Nd5 17. c4 Nb4 18. Bxb7 Rxa2 19. Rxa2 Nxa2 20. Be3 Nb4
21. Rd1 Ba4 22. Rxd8+ Bxd8 23. Bxc5 Nc2 24. b4 f6 25. Nc6 Bxc6 26. Bxc6 Na3 27.
Bb5 Nxb5 28. cxb5 Bc7 29. Ba7 Bd6 30. b6 Bxb4 31. b7 Bd6 32. b8=Q+ Bxb8 33.
Bxb8 Kf7 34. Bd6 e5 35. Kg2 Ke6 36. Bf8 g5 37. g4 Kf7 38. Bb4 Kg6 39. Be7 f5
40. h3 h5 41. Kg3 h4+ 42. Kf3 e4+ 43. Ke3 fxg4 44. hxg4 h3 45. Bd6 Kf7 46. Kxe4
Ke6 47. Bh2 Kf6 48. Kf3 Ke6 49. Kg3 Kd5 50. Kxh3 Ke4 51. Kg3 Kd5 52. Kf3 Kd4
53. Bc7 1-0

[Event "Montcalm 3 2018-19"]
[Site "Quebec CAN"]
[Date "2018.12.06"]
[Round "4"]
[White "Perreault, Jacquelin"]
[Black "Calafateanu, Vlad"]
[Result "1-0"]
[WhiteElo "1756"]
[BlackElo "1576"]
[PlyCount "105"]
[EventDate "2018.11.15"]
[EventType "swiss"]
[EventRounds "5"]
[EventCountry "CAN"]

1. e4 e5 2. Nf3 Nc6 3. Bb5 Nf6 4. O-O Nxe4 5. d4 Nd6 6. Ba4 exd4 7. Re1+ Be7 8.
Qe2 Nf5 9. Bg5 h6 10. Bxe7 Nfxe7 11. Bxc6 dxc6 12. Qe5 Kf8 13. Nxd4 Qd6 14. Qe2
Bd7 15. Nc3 Re8 16. Rad1 Nd5 17. Qf3 Rxe1+ 18. Rxe1 Qf6 19. Qxf6 Nxf6 20. Nf3
g6 21. Ne5 Be6 22. Nxg6+ fxg6 23. Rxe6 Kf7 24. Re1 Rd8 25. Kf1 b5 26. Rd1 Rxd1+
27. Nxd1 Nd5 28. a3 c5 29. Ke2 Ke6 30. Nc3 h5 31. Nxd5 Kxd5 32. Kd3 c4+ 33. Ke3
Ke5 34. f4+ Kf5 35. Kf3 c5 36. g3 a5 37. h3 a4 38. g4+ hxg4+ 39. hxg4+ Ke6 40.
Ke4 b4 41. c3 b3 42. f5+ gxf5+ 43. gxf5+ Kf6 44. Kf4 Kf7 45. Ke5 Ke7 46. f6+
Kf7 47. Kf5 Kf8 48. Ke6 Ke8 49. Kd5 Kf7 50. Kxc5 Kxf6 51. Kxc4 Ke5 52. Kb4 Kd5
53. Kb5 1-0

[Event "Montcalm 3 2018-19"]
[Site "Quebec CAN"]
[Date "2018.12.06"]
[Round "4"]
[White "Sauve, Richard"]
[Black "Gaulin, Gaetan"]
[Result "1/2-1/2"]
[WhiteElo "1804"]
[BlackElo "1952"]
[PlyCount "69"]
[EventDate "2018.11.15"]
[EventType "swiss"]
[EventRounds "5"]
[EventCountry "CAN"]

1. d4 Nf6 2. c4 g6 3. Nc3 d5 4. e3 Bg7 5. Nf3 O-O 6. cxd5 Nxd5 7. Bc4 Nxc3 8.
bxc3 c5 9. O-O Qc7 10. Qe2 Nc6 11. Bd2 b6 12. Rab1 Na5 13. Bd3 Bb7 14. Rfd1
Rac8 15. c4 Nc6 16. d5 Ne5 17. Nxe5 Bxe5 18. h3 Rce8 19. e4 e6 20. Bh6 Bg7 21.
Bxg7 Kxg7 22. Qb2+ f6 23. Re1 exd5 24. exd5 Qd7 25. Qd2 Rxe1+ 26. Rxe1 Re8 27.
h4 Rxe1+ 28. Qxe1 b5 29. Qe4 bxc4 30. Bxc4 Kf8 31. g3 Qd6 32. Qe3 Kg7 33. Qb3
Bc8 34. Qe3 Bb7 35. Qb3 1/2-1/2

[Event "Montcalm 3 2018-19"]
[Site "Quebec CAN"]
[Date "2018.12.13"]
[Round "5"]
[White "Auger, Bertrand"]
[Black "Perreault, Jacquelin"]
[Result "1-0"]
[WhiteElo "1902"]
[BlackElo "1756"]
[PlyCount "71"]
[EventDate "2018.11.15"]
[EventType "swiss"]
[EventRounds "5"]
[EventCountry "CAN"]

1. Nf3 b6 2. g3 Bb7 3. Bg2 Nf6 4. c4 e6 5. O-O c5 6. Nc3 Be7 7. d4 cxd4 8. Qxd4
O-O 9. b3 Nc6 10. Qd3 d6 11. Ba3 Qd7 12. Rfd1 Rfd8 13. e4 d5 14. Bxe7 Qxe7 15.
exd5 exd5 16. cxd5 Nb4 17. d6 Qd7 18. Qc4 Nc6 19. Qf4 Rac8 20. Ng5 h6 21. Nge4
Nxe4 22. Nxe4 Re8 23. Rac1 Nd8 24. Rxc8 Bxc8 25. Rc1 Ne6 26. Qg4 Kh8 27. h4 Nd4
28. Qxd7 Bxd7 29. Rc7 Rd8 30. Rxa7 Nb5 31. Rb7 f5 32. Nd2 Nxd6 33. Rxb6 Nb5 34.
Nc4 Nc3 35. Rd6 Nb5 36. Rd3 1-0

[Event "Montcalm 3 2018-19"]
[Site "Quebec CAN"]
[Date "2018.12.13"]
[Round "5"]
[White "Boissinot, Claude"]
[Black "Leblanc-Legault, Mathieu"]
[Result "0-1"]
[WhiteElo "1472"]
[BlackElo "1836"]
[PlyCount "54"]
[EventDate "2018.11.15"]
[EventType "swiss"]
[EventRounds "5"]
[EventCountry "CAN"]

1. e4 e6 2. d4 d5 3. Nc3 Nf6 4. e5 Nfd7 5. f4 c5 6. Nf3 Nc6 7. Bb5 Qb6 8. Bxc6
bxc6 9. Na4 Qa5+ 10. c3 cxd4 11. b4 Qc7 12. Nxd4 Ba6 13. Nb2 c5 14. bxc5 Nxc5
15. Qf3 Rb8 16. Kd1 Ne4 17. Ne2 Bxe2+ 18. Kxe2 Nxc3+ 19. Kf2 Ne4+ 20. Kf1 Qc2
21. Qe2 Qc3 22. Qd3 Bb4 23. Ke2 O-O 24. Qxc3 Bxc3 25. Rb1 f6 26. exf6 Bxf6 27.
Rf1 Nc3+ 0-1

[Event "Montcalm 3 2018-19"]
[Site "Quebec CAN"]
[Date "2018.12.13"]
[Round "5"]
[White "Cummins, Paul"]
[Black "Gagnon, Stephane"]
[Result "1-0"]
[WhiteElo "1745"]
[BlackElo "1587"]
[PlyCount "81"]
[EventDate "2018.11.15"]
[EventType "swiss"]
[EventRounds "5"]
[EventCountry "CAN"]

1. e4 e5 2. Nf3 f5 3. Nxe5 d6 4. Nc4 fxe4 5. d4 Nf6 6. Nc3 Bf5 7. Ne3 Bg6 8.
Bc4 c6 9. d5 Be7 10. O-O Qd7 11. a4 a6 12. a5 Bh5 13. Qd2 c5 14. Na4 Bd8 15.
Bb3 Bf7 16. Nb6 Bxb6 17. axb6 O-O 18. Ba4 Qe7 19. c4 Nbd7 20. b4 cxb4 21. Qxb4
Nc5 22. Ba3 a5 23. Qd2 Qe5 24. Bxc5 dxc5 25. Bb3 Ra6 26. Rxa5 Rxb6 27. Qa2 Qc3
28. Bd1 Rb2 29. Qa1 Nd7 30. Ra2 Rxa2 31. Qxc3 Rfa8 32. Nf5 Nf6 33. Nh6+ Kf8 34.
Nxf7 Kxf7 35. h3 R8a3 36. Qe5 Kg6 37. Bg4 Rc2 38. Bf5+ Kh6 39. h4 Kh5 40. Bxe4+
Kxh4 41. Bxc2 1-0

[Event "Montcalm 3 2018-19"]
[Site "Quebec CAN"]
[Date "2018.12.13"]
[Round "5"]
[White "Gaulin, Gaetan"]
[Black "Desbiens, Raphael"]
[Result "1/2-1/2"]
[WhiteElo "1952"]
[BlackElo "2149"]
[PlyCount "160"]
[EventDate "2018.11.15"]
[EventType "swiss"]
[EventRounds "5"]
[EventCountry "CAN"]

1. d4 Nf6 2. c4 g6 3. g3 c6 4. Bg2 d5 5. cxd5 cxd5 6. Nf3 b6 7. Nc3 Bb7 8. Bf4
Nc6 9. Ne5 a6 10. Rc1 Rc8 11. O-O e6 12. Nxc6 Bxc6 13. Qd3 Bb7 14. Rc2 Bd6 15.
Bxd6 Qxd6 16. Rfc1 O-O 17. e3 Rc6 18. Ne2 Rfc8 19. Rxc6 Rxc6 20. Rxc6 Qxc6 21.
Nc3 Ne8 22. Bf1 Nd6 23. Bg2 Qc4 24. Qd2 a5 25. b3 Qb4 26. Qc2 Ba6 27. h3 Nf5
28. Bf1 Bxf1 29. Kxf1 Kg7 30. Kg2 Qd6 31. Qd3 Qa3 32. Qc2 h5 33. h4 Qe7 34. Kf1
Qd6 35. Ne2 f6 36. Ke1 g5 37. hxg5 fxg5 38. Kd2 Qb4+ 39. Kd1 Qd6 40. Kc1 h4 41.
gxh4 Nxh4 42. Ng3 Nf3 43. Kb2 Nh4 44. a3 Ng6 45. Qe2 Qe7 46. Qb5 Qf7 47. Qe2
Ne7 48. f3 Ng6 49. Nf1 Nh4 50. Nd2 Qf6 51. Ka2 Nf5 52. Qd3 Kf7 53. Qe2 Qh8 54.
Qf2 Qh4 55. Qg1 Ng3 56. Qg2 Nf5 57. Qg1 Qg3 58. Qxg3 Nxg3 59. Kb2 Nf5 60. Nf1
Kf6 61. Kc3 e5 62. dxe5+ Kxe5 63. Kd3 Nd6 64. Ng3 Nb5 65. a4 Nc7 66. Ne2 Ne6
67. f4+ gxf4 68. exf4+ Kd6 69. Kc3 Nc5 70. Nd4 Ne4+ 71. Kc2 Kc5 72. Ne6+ Kd6
73. Nd4 Ke7 74. Kd3 Kf6 75. Ke3 Nc5 76. Kf3 Ne4 77. Kg4 Nf2+ 78. Kf3 Ne4 79.
Kg4 Nf2+ 80. Kf3 Ne4 1/2-1/2

[Event "Montcalm 3 2018-19"]
[Site "Quebec CAN"]
[Date "2018.12.13"]
[Round "5"]
[White "Genest, Dominic"]
[Black "Labrecque, Rejean"]
[Result "0-1"]
[WhiteElo "1740"]
[BlackElo "1701"]
[PlyCount "64"]
[EventDate "2018.11.15"]
[EventType "swiss"]
[EventRounds "5"]
[EventCountry "CAN"]

1. c4 c6 2. g3 d5 3. Bg2 d4 4. d3 e5 5. Nf3 Bd6 6. O-O Nf6 7. e3 c5 8. Na3 Nc6
9. Bd2 O-O 10. Nc2 Bg4 11. Re1 Qd7 12. Rb1 Rae8 13. b4 b6 14. b5 Nd8 15. Qc1 h6
16. Nh4 g5 17. exd4 gxh4 18. Bxh6 Nh7 19. d5 h3 20. Bh1 f5 21. Bxf8 Rxf8 22.
Ne3 Bh5 23. Nf1 Qf7 24. Rb2 Qg7 25. Nd2 Ng5 26. f3 Ndf7 27. Kf2 Nh6 28. Ke2 e4
29. Rf1 exd3+ 30. Kxd3 f4 31. Ne4 Qd4+ 32. Ke2 Qxe4+ 0-1